000 00507 a2200169 4500
003 OSt
005 20230916111759.0
008 230916b |||||||| |||| 00| 0 eng d
020 _a9788172165437
040 _coclc
082 _a612.044
_bSIN/A
100 _aSingh, Amandeep
_99501
245 _aAthletic care and rehabilitation /
_cDr. Amandeep Singh.
260 _aNew Delhi:
_bFriends Publications
_c2022.
300 _a125 p
942 _2ddc
_cBK
_h612.044
_iSIN/A
_k612.044
_mSIN/A
999 _c42454
_d42454